Aguedo Mojica (Record no. 99076)

MARC details
000 -LEADER
campo de control de longitud fija 00684nam a2200229 i 4500
001 - NÚMERO DE CONTROL
campo de control 99076
003 - IDENTIFICADOR DE NÚMERO DE CONTROL
campo de control ES-MaACL
005 - FECHA Y HORA DE LA ÚLTIMA TRANSACCIÓN
campo de control 20230906182432.0
007 - CAMPO FIJO DE DESCRIPCIÓN FÍSICA--INFORMACIÓN GENERAL
campo de control de longitud fija t|
008 - DATOS DE LONGITUD FIJA--INFORMACIÓN GENERAL
campo de control de longitud fija 051118s1983 pr ||||1| spa d
020 ## - NÚMERO INTERNACIONAL ESTÁNDAR DEL LIBRO
Número Internacional Estándar del Libro 0-940238-69-1
080 ## - NÚMERO DE LA CLASIFICACIÓN DECIMAL UNIVERSAL
Número de la Clasificación Decimal Universal 821.134.2(729.5)-92"19"
080 ## - NÚMERO DE LA CLASIFICACIÓN DECIMAL UNIVERSAL
Número de la Clasificación Decimal Universal 32(729.5)"1952/..."
100 1# - ENTRADA PRINCIPAL--NOMBRE DE PERSONA
Nombre de persona Mojica, Aguedo.
9 (RLIN) 81825
245 10 - MENCIÓN DEL TÍTULO
Título Aguedo Mojica
Resto del título : la luminosa entrega /
Mención de responsabilidad, etc. edición de Luis Mojica Sandoz.
250 ## - MENCION DE EDICION
Mención de edición 1ª ed.
260 ## - PUBLICACIÓN, DISTRIBUCIÓN, ETC.
Lugar de publicación, distribución, etc. [S.l.] :
Nombre del editor, distribuidor, etc. Huracán,
Fecha de publicación, distribución, etc. 1983.
300 ## - DESCRIPCIÓN FÍSICA
Extensión 329 p. :
Otras características físicas il. ;
Dimensiones 23 cm.
651 ## - PUNTO DE ACCESO ADICIONAL DE MATERIA--NOMBRE GEOGRÁFICO
Nombre geográfico Puerto Rico-
Subdivisión general Política y gobierno.
9 (RLIN) 9287
700 1# - ENTRADA AGREGADA--NOMBRE PERSONAL
Nombre de persona Mojica Sandoz, Luis.
9 (RLIN) 81828
852 ## - LOCALIZACIÓN
Ubicación ES-MaACL
Número de control de estantería E-11046
Sublocalización o colección R.136747
Holdings
Estatus retirado Estado de pérdida Estado de daño No para préstamo Biblioteca de origen Biblioteca actual Ubicación en estantería Fecha de adquisición Fuente de adquisición Total de préstamos Signatura topográfica completa Código de barras Visto por última vez Precio de reemplazo Tipo de ítem Koha
        Biblioteca del Ateneo de Madrid Biblioteca del Ateneo de Madrid Depósito 2 17/01/2008     E-11046 1103438 23/02/2023 23/02/2023 Libro impreso